Polish biggest cities/towns - Statistics

General Stats
  • This quiz has been taken 1,000 times
  • The average score is 22 of 39
Answer Stats
Population City % Correct
1 740 000 Warszawa
100%
763 000 Kraków
98%
462 000 Gdańsk
95%
703 000 Łódź
90%
634 000 Wrocław
89%
301 000 Katowice
87%
545 000 Poznań
85%
248 000 Gdynia
80%
341 000 Lublin
80%
407 000 Szczecin
78%
296 000 Białystok
74%
357 000 Bydgoszcz
71%
203 000 Toruń
67%
186 000 Rzeszów
63%
174 000 Olsztyn
61%
229 000 Częstochowa
60%
139 000 Zielona Góra
60%
198 000 Kielce
58%
217 000 Radom
58%
119 000 Opole
57%
124 000 Gorzów Wielkopolski
51%
184 000 Gliwice
49%
208 000 Sosnowiec
47%
173 000 Bielsko-Biała
43%
122 000 Elbląg
41%
109 000 Koszalin
41%
111 000 Tarnów
41%
177 000 Zabrze
41%
122 000 Płock
40%
172 000 Bytom
37%
110 000 Chorzów
36%
103 000 Kalisz
33%
101 000 Legnica
33%
140 000 Rybnik
32%
128 000 Tychy
31%
116 000 Wałbrzych
31%
123 000 Dąbrowa Górnicza
28%
113 000 Włocławek
28%
140 000 Ruda Śląska
24%
No matching quizzes found
Score Distribution
Percent of People with Each Score
Percentile by Number Answered
Your Score History
You have not taken this quiz